[Event "TCh-FRA Top 12 2018"]
[Site "Brest FRA"]
[Date "2018.05.27"]
[Round "2.6"]
[White "Malakhov,V"]
[Black "Wagner,De"]
[Result "1-0"]
[WhiteElo "2691"]
[BlackElo "2567"]

1.Nf3 Nf6 2.c4 c5 3.Nc3 d5 4.cxd5 Nxd5 5.e3 e6 6.Bb5+ Bd7 7.Be2 Be7 8.O-O O-O
9.d4 Nxc3 10.bxc3 cxd4 11.cxd4 Bc6 12.Bd3 Bf6 13.Rb1 Re8 14.Qc2 g6 15.Qe2 Nd7
16.e4 Bg7 17.Bg5 Qa5 18.Bd2 Qc7 19.Rfc1 Rac8 20.h3 Qd6 21.Bb4 Qf4 22.g3 Qb8
23.Bd2 Qd6 24.Bb4 Qb8 25.Bb5 Bxb5 26.Qxb5 Rxc1+ 27.Rxc1 Rc8 28.Rb1 Qc7 29.Bd2 b6
30.Rc1 Qb7 31.Rxc8+ Qxc8 32.d5 exd5 33.exd5 Ne5 34.Nxe5 Bxe5 35.Bb4 Kg7 36.d6 Qf5
37.d7 Qb1+ 38.Qf1 Qxf1+ 39.Kxf1 Bf6 40.Bc3  1-0

[Event "TCh-FRA Top 12 2018"]
[Site "Brest FRA"]
[Date "2018.05.28"]
[Round "3.1"]
[White "Malakhov,V"]
[Black "David,Alb"]
[Result "1-0"]
[WhiteElo "2691"]
[BlackElo "2563"]

1.Nf3 Nf6 2.c4 b6 3.g3 Bb7 4.Bg2 e6 5.O-O Be7 6.d4 O-O 7.Nc3 Bb4 8.Qc2 Bxc3
9.Qxc3 d6 10.b3 Nbd7 11.Bb2 Re8 12.Rfe1 h6 13.Rad1 Be4 14.Bh3 Bh7 15.d5 e5
16.Nh4 Ne4 17.Qc1 Ng5 18.Bg2 f5 19.f4 exf4 20.Qxf4 Rf8 21.Nf3 Qe7 22.Nd4 Nf6
23.Rf1 Rae8 24.Rde1 Qd7 25.Qc1 Nh5 26.e3 a5 27.Ne2 Re7 28.Nf4 Qe8 29.a3 Nf6
30.b4 axb4 31.axb4 Qa4 32.c5 Nfe4 33.h4 Nf7 34.Bxe4 Rxe4 35.cxd6 cxd6 36.Ne6 Ra8
37.Nxg7 Qb3 38.Rf4 Ne5 39.Bxe5 Rxe5 40.Ne6 Rxd5 41.Qc7 Qb2 42.Rd4  1-0

[Event "TCh-FRA Top 12 2018"]
[Site "Brest FRA"]
[Date "2018.05.29"]
[Round "4.1"]
[White "Malakhov,V"]
[Black "Kuzubov,Y"]
[Result "1/2-1/2"]
[WhiteElo "2691"]
[BlackElo "2663"]

1.Nf3 c5 2.c4 Nf6 3.Nc3 Nc6 4.d4 cxd4 5.Nxd4 e6 6.a3 Bc5 7.Nb3 Bb6 8.c5 Bc7
9.g3 O-O 10.Bg2 b6 11.O-O Rb8 12.a4 bxc5 13.Nxc5 Qe7 14.Nd3 Ba6 15.Nb5 d5
16.Nxc7 Qxc7 17.Be3 Bc4 18.Qd2 Nd7  1/2-1/2

[Event "TCh-FRA Top 12 2018"]
[Site "Brest FRA"]
[Date "2018.05.30"]
[Round "5.1"]
[White "Zhigalko,S"]
[Black "Malakhov,V"]
[Result "1/2-1/2"]
[WhiteElo "2606"]
[BlackElo "2691"]

1.e4 e5 2.Nf3 Nc6 3.Bb5 Nf6 4.O-O Nxe4 5.Re1 Nd6 6.Nxe5 Be7 7.Bf1 Nxe5 8.Rxe5 O-O
9.d4 Bf6 10.Re1 Nf5 11.c3 d5 12.Bd3 c6 13.Nd2 Re8 14.Rxe8+ Qxe8 15.Nf3 Nh4
16.Nxh4 Bxh4 17.Bf4 Bf6 18.Qd2 Be6 19.Re1 Qd7 20.Bg5 Qd8 21.Bxf6 Qxf6 22.Re5 h6
23.Qe3 Kf8 24.h3 b6 25.Bc2 Bd7 26.Qg3 Re8 27.Rxe8+ Bxe8 28.Qb8 Qe7 29.Bd3 b5
30.b4 Qe1+ 31.Bf1 f6  1/2-1/2

[Event "TCh-FRA Top 12 2018"]
[Site "Brest FRA"]
[Date "2018.05.31"]
[Round "6.2"]
[White "Malakhov,V"]
[Black "Bluebaum,M"]
[Result "1/2-1/2"]
[WhiteElo "2691"]
[BlackElo "2633"]

1.c4 e6 2.Nf3 d5 3.b3 Nf6 4.Bb2 c5 5.e3 Nc6 6.cxd5 exd5 7.Bb5 Bd6 8.O-O O-O
9.d4 cxd4 10.Nxd4 Bc7 11.Bxc6 bxc6 12.Qc2 c5 13.Nf3 Bd6 14.Nbd2 Bg4 15.h3 Bh5
16.Nh4 Nd7 17.Nf5 Bg6 18.Nf3 Nb6 19.Qc3 f6 20.Nxd6 Qxd6 21.Rac1 Rfc8 22.Rfd1 Qe6
23.Re1 a5 24.Nh4 Bf7 25.Qd3 a4 26.Qf5 Rab8 27.Qxe6 Bxe6 28.Bc3 axb3 29.axb3 Nd7
30.Rb1 Kf7 31.f4 g6 32.b4 d4  1/2-1/2

[Event "TCh-FRA Top 12 2018"]
[Site "Brest FRA"]
[Date "2018.06.01"]
[Round "7.3"]
[White "Kosten,A"]
[Black "Malakhov,V"]
[Result "0-1"]
[WhiteElo "2448"]
[BlackElo "2691"]

1.e4 e5 2.Nf3 Nc6 3.Bc4 Bc5 4.c3 Nf6 5.d4 exd4 6.cxd4 Bb4+ 7.Bd2 Bxd2+ 8.Nbxd2 d5
9.exd5 Nxd5 10.Qb3 Nce7 11.O-O O-O 12.Rfe1 h6 13.Ne4 b6 14.Ne5 Be6 15.Rad1 c6
16.Qf3 Qc7 17.Bb3 Rad8 18.Rc1 f6 19.Ng4 f5 20.Nef6+ gxf6 21.Rxe6 fxg4 22.Qxg4+ Kh8
23.Qh4 Nf5 24.Qh3 Qf4 25.Rce1 Qg5 26.Bxd5 cxd5 27.f4 Qg6 28.Qd3 Kg7 29.R1e5 Nh4
30.Re7+ Kh8  0-1

[Event "TCh-FRA Top 12 2018"]
[Site "Brest FRA"]
[Date "2018.06.02"]
[Round "8.6"]
[White "Hamdouchi,H"]
[Black "Malakhov,V"]
[Result "1/2-1/2"]
[WhiteElo "2580"]
[BlackElo "2691"]

1.e4 e5 2.Nf3 Nc6 3.Bb5 g6 4.c3 Bg7 5.d4 exd4 6.cxd4 a6 7.Bc4 b5 8.Bb3 Nge7
9.Nc3 Na5 10.Bc2 d6 11.h3 O-O 12.O-O Bb7 13.Re1 c5 14.Ne2 cxd4 15.Nexd4 Nec6
16.Nxc6 Nxc6 17.Rb1 Re8 18.Bb3 Ne5 19.Nxe5 Bxe5 20.Bd5 Bxd5 21.Qxd5 Rc8 22.Be3 Rc2
23.Rec1 Qc7 24.b3 Rc8 25.g3 Qd7 26.Kg2 Rxa2 27.Rxc8+ Qxc8 28.Rc1 Rc2 29.Rxc2 Qxc2
30.Bh6 Qc8 31.b4 Qe8 32.f3 Qc8 33.h4 Bg7 34.Bxg7 Kxg7 35.Qxd6 Qc2+ 36.Kh3 Qc3
37.Kg2 h5 38.e5 Qe3 39.Qf6+ Kg8 40.Qd8+ Kh7 41.Qf6 Qe2+  1/2-1/2

[Event "TCh-FRA Top 12 2018"]
[Site "Brest FRA"]
[Date "2018.06.03"]
[Round "9.4"]
[White "Malakhov,V"]
[Black "Bailet,P"]
[Result "1/2-1/2"]
[WhiteElo "2691"]
[BlackElo "2501"]

1.e4 c5 2.Nf3 Nc6 3.Bb5 g6 4.Bxc6 bxc6 5.O-O Bg7 6.Re1 Nh6 7.c3 O-O 8.d4 cxd4
9.cxd4 d5 10.e5 f6 11.e6 Qd6 12.Qe2 c5 13.dxc5 Qxc5 14.Be3 Qd6 15.Nc3 Nf5
16.Rad1 Qxe6 17.Nxd5 Nxe3 18.Qxe3 Qxe3 19.Rxe3 e5 20.Ne7+ Kf7 21.Nxc8 Rfxc8
22.Rd7+ Kg8 23.g4 Rd8 24.Red3 Rxd7 25.Rxd7 a5 26.Nd2 f5 27.gxf5 gxf5 28.Nc4 Rc8
29.b3 a4 30.Rb7 axb3 31.axb3 Rc6 32.Ne3 f4 33.Nd5 Rc2 34.Ne7+ Kf8 35.Nf5 f3
36.h4 Bf6 37.Rb6 Kf7 38.Nd6+ Kf8 39.Ne4 Be7 40.Re6 Re2 41.Rxe5 Re1+ 42.Kh2 Bd6
43.Nxd6 Rxe5 44.Kg3 Rd5 45.Nc4 Rb5 46.Kxf3 Rxb3+ 47.Ne3 Kf7 48.Kf4 Kg6 49.f3 Rb4+
50.Kg3 Ra4 51.Ng2 Kf5  1/2-1/2

[Event "TCh-FRA Top 12 2018"]
[Site "Brest FRA"]
[Date "2018.06.05"]
[Round "11.4"]
[White "Malakhov,V"]
[Black "Safarli,E"]
[Result "1/2-1/2"]
[WhiteElo "2691"]
[BlackElo "2657"]

1.e4 c5 2.Nf3 Nc6 3.Bb5 d6 4.d4 cxd4 5.Qxd4 Bd7 6.Qd3 g6 7.O-O Bg7 8.c4 Nf6
9.Nc3 O-O 10.h3 Rc8 11.Be3 Nb4 12.Qe2 a6 13.Bxd7 Nxd7 14.Rac1 Bxc3 15.Rxc3 Nxa2
16.Rb3 Nc5 17.Bxc5 dxc5 18.Rxb7 Rc7 19.Rxc7 Qxc7 20.Rd1 Rd8 21.Rxd8+ Qxd8
22.Qe3 Qb6 23.Qd2 Qd6 24.Qa5 Nb4 25.e5 Qd1+ 26.Kh2 Qc1 27.Qxc5 Qf4+ 28.Kg1  1/2-1/2

[Event "Coupe de France 2018"]
[Site "Asnieres-sur-Seine FRA"]
[Date "2018.06.23"]
[Round "1.1"]
[White "Kovalenko,I"]
[Black "Malakhov,V"]
[Result "1/2-1/2"]
[WhiteElo "2632"]
[BlackElo "2685"]

1.e4 e5 2.Bc4 Nf6 3.d3 Nc6 4.a4 Bc5 5.c3 a5 6.Nf3 d6 7.O-O h6 8.Re1 O-O 9.h3 Be6
10.Nbd2 Bxc4 11.Nxc4 Re8 12.Qb3 b6 13.Be3 Qd7 14.Rad1 Rad8 15.Qb5 Bxe3 16.Nxe3 Ne7
17.Kh2 Ng6 18.c4 Nh7 19.Qb3 Nhf8 20.Qc2 Ne6 21.Nd5 c6 22.Nc3 Ngf4 23.Ne2 Nxe2
24.Qxe2 c5 25.b3 Rf8 26.Nh4 Nd4 27.Qg4 Qxg4 28.hxg4 g6 29.Rh1 Kg7 30.g3 Rh8
31.Kg2 h5 32.gxh5 Rxh5 33.Nf3 Rxh1 34.Rxh1 Nxf3 35.Kxf3 Rh8 36.Rxh8 Kxh8
37.Kg4 Kg7 38.Kg5 f6+ 39.Kh4 Kh6 40.Kg4  1/2-1/2

[Event "Coupe de France 2018"]
[Site "Asnieres-sur-Seine FRA"]
[Date "2018.06.24"]
[Round "2.1"]
[White "Malakhov,V"]
[Black "Pucher,S"]
[Result "1-0"]
[WhiteElo "2685"]
[BlackElo "2319"]

1.Nf3 d5 2.e3 Nf6 3.c4 e6 4.Nc3 Be7 5.b3 O-O 6.Bb2 b6 7.d4 Bb7 8.Bd3 c5 9.O-O cxd4
10.exd4 Nc6 11.Rc1 Rc8 12.a3 Qd6 13.Re1 Rfd8 14.Ne2 Na5 15.c5 Qb8 16.Ng3 Bc6
17.Bc3 Qc7 18.Bxa5 bxa5 19.Ne5 Rb8 20.Nxc6 Qxc6 21.Rb1 Ne8 22.Qd2 a4 23.b4 Nc7
24.Ne2 Bf6 25.Bc2 Qa6 26.Rbd1 Rdc8 27.Nc3 Nb5 28.Bd3 Qc6 29.Bxb5 Rxb5 30.Nxb5 Qxb5
31.Qd3 a6 32.f4 g6 33.Qxb5 axb5 34.g4 Kf8 35.Re3 h5  1-0